000 00277nam a22001337a 4500
008 170815b xxu||||| |||| 00| 0 eng d
020 _a9780921332374
041 _aeng
080 _a51
100 _a36
101 _aMAT
245 _aCALCULUS
_cTAYLOR,P.D
942 _2udc
_cBK
999 _c23572
_d23572